MARC

LEADER 00000nas a2200000 a 4500
001 ssj0004317
003 WaSeSS
005 20200512172242.0
006 m d
007 cr n
008 790824d19791999nyubr p s o 0 a0eng c
010 |a  82641458   |z sn 79007503  
022 |l 0195-1416  |y 0195-1416 
035 |a (WaSeSS)ssj0004317 
040 |a NSD  |b eng  |c NSD  |d MUL  |d DLC  |d NST  |d DLC  |d NST  |d DLC  |d NST  |d DLC  |d NSD  |d DLC  |d OCL  |d GUA  |d OCL  |d OCLCQ  |d IUL  |d GK8  |d OCLCQ  |d CUS  |d OCLCF  |d OCLCQ  |d WaSeSS 
042 |a pcc  |a nsdp 
043 |a n-us--- 
050 0 0 |a E162  |b .H68 
082 0 |a 728.3/7/0974 
222 0 |a Colonial homes 
245 0 0 |a Colonial homes  |h [electronic resource]. 
260 |a [New York, N.Y.] :  |b [Hearst Corp.],  |c ©1979- 
310 |a Bimonthly 
362 0 |a Vol. 5, no. 5 (Sept.-Oct. 1979)- 
362 1 |a Ceased with v. 25, no. 6 (Dec. 1999). 
500 |a Title from cover. 
506 |a License restrictions may limit access. 
520 |a "Classic American style." 
648 7 |a To 1775  |2 fast 
650 0 |a Americana  |v Periodicals. 
650 0 |a Architecture, Colonial  |z United States  |v Periodicals. 
650 0 |a Interior decoration  |z United States  |v Periodicals. 
650 0 |a Dwellings  |z United States  |v Periodicals. 
650 7 |a Americana.  |2 fast  |0 (OCoLC)fst00807467 
650 7 |a Architecture, Colonial.  |2 fast  |0 (OCoLC)fst00813657 
650 7 |a Dwellings.  |2 fast  |0 (OCoLC)fst00899978 
650 7 |a Interior decoration.  |2 fast  |0 (OCoLC)fst00976327 
650 7 |a Manners and customs.  |2 fast  |0 (OCoLC)fst01007815 
651 0 |a United States  |x Social life and customs  |y To 1775  |v Periodicals. 
651 7 |a United States.  |2 fast  |0 (OCoLC)fst01204155 
655 0 |a Electronic journals. 
780 0 0 |t House beautiful's colonial homes  |x 0164-6214  |w (DLC) 80642405  |w (OCoLC)4484813 
780 0 1 |t Classic home  |w (OCoLC)28902595 
785 0 0 |t Classic American homes  |x 1528-2864  |w (DLC) 00212235  |w (OCoLC)43108160 
850 |a CaBVa  |a DLC  |a DeU  |a IaAS  |a IaU  |a MiD  |a NNC  |a OC  |a ViBlbV  |a ViW  |a WM 
856 4 0 |z Full text available from Research Library: 01/01/1998 to 12/31/1999  |u https://search.proquest.com/publication/8915